000 00687cam a2200193 a 4500
020 _a9780073517209 (alk. paper)
020 _a0073517208 (alk. paper)
050 0 0 _aQA76.73
_b.B3 2009
100 1 _aBradley, Julia Case.
245 1 0 _aProgramming in Visual Basic 2008 /
_cJulia Case Bradley, Anita C. Millspaugh.
260 _aBoston :
_bMcGraw-Hill Higher Education,
_cc2009.
300 _axxviii, 676 p. :
500 _aIncludes index.
650 0 _xMicrosoft Visual BASIC
700 1 _aMillspaugh, A. C.
856 4 2 _uhttp://www.loc.gov/catdir/enhancements/fy0829/2008012904-b.html
856 4 1 _uhttp://www.loc.gov/catdir/enhancements/fy0829/2008012904-t.html
942 _2lcc
_cGEN
999 _c8327
_d8327